Le moyen age espagnol
Guardado en:
| Autor principal: | |
|---|---|
| Formato: | Libro |
| Lenguaje: | Undetermined |
| Publicado: |
París, Francia
Armand Colin
1972
|
| Materias: | |
| Etiquetas: |
Agregar Etiqueta
Sin Etiquetas, Sea el primero en etiquetar este registro!
|
MARC
| LEADER | 00000nam a2200000Ia 4500 | ||
|---|---|---|---|
| 008 | 170316s9999 xx 000 0 und d | ||
| 040 | |a cru BVZT | ||
| 090 | |a 862 C-42m | ||
| 100 | |a Clare, Lucien et al. | ||
| 245 | |a Le moyen age espagnol | ||
| 260 | |a París, Francia | ||
| 260 | |b Armand Colin | ||
| 260 | |c 1972 | ||
| 300 | |a 322 páginas | ||
| 650 | |a LITERATURA ESPAÑOLA | ||
| 999 | |c 9757 |d 9757 | ||
| 942 | |c 15 D |h 862 C-42m |2 z | ||
